Pays du monde commençant par I - Avec carte - Statistiques

Statistiques générales
  • Ce quiz a été pris 1 952 fois
  • Le résultat moyen est 7 sur 8
Réponses sur la Carte
Les réponses sont colorées sur une échelle allant du rouge au vert en fonction du pourcentage des utilisateurs qui les ont devinées à leur premier essai. Vous pouvez retrouver ces pourcentages ci-dessous.
 
Statistiques - réponses
Continent Pays % Correct
Europe Italie
96%
Asie Inde
94%
Europe Irlande
94%
Europe Islande
94%
Asie Israël
92%
Asie Indonésie
91%
Asie Iran
89%
Asie Irak
88%
Aucun quiz correspondant
Distribution des résultats
% des personnes avec chaque résultat
Percentile par nombre de réponses
Votre historique - résultats
Vous n’avez pas pris ce quiz